| 000 | 01015nam a22003137a 4500 | ||
|---|---|---|---|
| 003 | CHAP | ||
| 005 | 20220329135457.0 | ||
| 008 | 971013s1981 r 00010 d | ||
| 010 | _a37191 | ||
| 011 | _a38163 | ||
| 035 | _a42283 | ||
| 040 | _cCHAP | ||
| 090 | _aFolleto 7917 | ||
| 110 |
_aMéxico. Dirección General de Economía Agrícola _976976 |
||
| 245 |
_aPrograma nacional de maíz palomero _b: temporada 1980-1981 |
||
| 260 |
_aMéxico, D.F. : _bLa Dirección, _c1981 |
||
| 300 | _a17 p | ||
| 590 |
_aBATCH-UPD _b10 _c20130110 _lUCH01 _h0222 |
||
| 590 |
_aBATCH-UPD _b10 _c20130110 _lUCH01 _h1921 |
||
| 590 |
_aBATCH-UPD _b10 _c20130409 _lUCH01 _h2243 |
||
| 590 |
_aBATCH-UPD _b10 _c20130410 _lUCH01 _h1247 |
||
| 590 |
_aBATCH-UPD _b10 _c20130914 _lUCH01 _h1336 |
||
| 590 |
_aCONVERSION _b10 _c20130109 _lUCH01 _h1321 |
||
| 650 | 1 | 4 |
_aExportación e importación _zMéxico. _939119 |
| 650 | 1 | 4 |
_aMaíz palomero. _971119 |
| 901 | _aBK | ||
| 942 | _cFOLL | ||
| 949 |
_aFolleto 7917 _bBC _cFOLL _d-97405 _eTS1 _i42283 _si |
||
| 999 |
_c37191 _d37191 |
||